African Country to European Colonizer Country - Statistics

General Stats
  • This quiz has been taken 56 times
  • The average score is 11 of 12
Answer Stats
Hint Answer % Correct
Republic of the Congo France
96%
Senegal France
96%
Algeria France
94%
Guinea-Bissau Portugal
94%
Equatorial Guinea Spain
94%
Sudan United Kingdom
94%
Kenya United Kingdom
94%
Tanzania United Kingdom
94%
Libya Italy
92%
Mozambique Portugal
92%
Angola Portugal
91%
Rwanda Belgium
89%
No matching quizzes found
Score Distribution
Percent of People with Each Score
Percentile by Number Answered
Your Score History
You have not taken this quiz